000 00217nam a22000857a 4500
008 221213b |||||||| |||| 00| 0 eng d
020 _a9355617552
100 _aPandey Sanjiv
_97646
245 _aScience Sample Paper-Class-10
999 _c12208
_d12208